Größte Städte der Großen Seen - Statistiken

Allgemein
  • Dieses Quiz wurde 24 mal gespielt
  • Das Durchschnittsergebnis liegt bei 6 aus 18
Antwortstatistiken
Einwohner Antwort % Korrekt
CAN 2.794.000 Toronto
96%
USA 2.746.000 Chicago
91%
USA 639.000 Detroit
87%
USA 278.000 Buffalo
52%
USA 577.000 Milwaukee
48%
USA 373.000 Cleveland
35%
CAN 570.000 Hamilton
35%
USA 107.000 Green Bay
26%
CAN 718.000 Mississauga
22%
USA 211.000 Rochester
22%
USA 271.000 Toledo
22%
CAN 128.000 Kingston
17%
CAN 214.000 Oakville
17%
CAN 187.000 Burlington
13%
CAN 175.000 Oshawa
13%
CAN 109.000 Thunder Bay
13%
CAN 307.000 Windsor
13%
CAN 137.000 St. Catharines
9%
Keine übereinstimmenden Quizze gefunden
Verteilung der Resultate
Anzahl Personen mit jedem Resultat
Perzentil nach korrekt beantworteten Fragen
Ihre Resultats-Entwicklung
Sie haben dieses Quiz noch nicht gespielt